| 000 | 00353nam a22001457a 4500 | ||
|---|---|---|---|
| 020 | _a978-93-8192-552-2 | ||
| 082 |
_a823 _bPAR/P |
||
| 100 | _aPARTHASARATHY K | ||
| 245 |
_aPOPULAR STORIES FROM CLASSICS _bSHORT STORY |
||
| 260 |
_aCHENNAI _bSMILE PUBLISHING LTD _c2012 |
||
| 300 | _a127 | ||
| 520 | _aSHORT STORY | ||
| 650 | _aSHORT STORY | ||
| 942 | _cBK | ||
| 999 |
_c3930 _d3930 |
||